| 000 | 00725cab a22001935a 4500 | ||
|---|---|---|---|
| 001 | L143535 | ||
| 008 | 080515s2008 xxkad f s 000 0 eng d | ||
| 035 | _a(Sirsi) u143535 | ||
| 041 | 0 | _aeng | |
| 110 | 2 |
_aBritish Retail Consortium _91582 |
|
| 245 | 0 | 0 |
_aTop 250 European retailers _h[electronic resource] |
| 260 | _c2008 | ||
| 520 | _aTable which lists the top 250 European retailers by sales volume. Figures show sales volume for 2005/6 and 2006/7. Provides website addresses. | ||
| 590 | _aKA | ||
| 651 | 4 | _aEurope | |
| 690 | _aPROPERTY-COMMERCIAL PROPERTY-RETAIL COMMERCIAL PROPERTY | ||
| 856 | 4 | 0 |
_uhttps://www.mintel.com/docs/retailers_ranked.htm _zView this report free of charge at www.mintel.com... |
| 942 | _n0 | ||
| 999 |
_c80212 _d80212 |
||